| 000 | 00745cab a2200253 4500 | ||
|---|---|---|---|
| 001 | ABS59448 | ||
| 008 | 090401t1998 xxu||||| |||| 00| 0 eng d | ||
| 035 | _a(Sirsi) u89437 | ||
| 041 | _aeng | ||
| 100 | _aBennett, D. | ||
| 245 | _aTackling the eco-warriors | ||
| 260 | _c1998 | ||
| 350 | _a0 | ||
| 490 |
_aEstates Gazette _v(9843) 24 October 1998, 129(1) |
||
| 520 | _aOffers advice on strategies to remedy disruption to developments by `eco-warriors`, including trespass law, injunction and summary possession proceedings. | ||
| 650 | _aDELAY | ||
| 650 | _aECO-WARRIORS | ||
| 650 | _aINJUNCTION | ||
| 650 | _aPOSSESSION | ||
| 650 | _aTRESPASS | ||
| 690 | _aPROPERTY-PROPERTY DEVELOPMENT | ||
| 942 | _n0 | ||
| 948 | _c03/11/1998 | ||
| 999 |
_c56579 _d56579 |
||